000 00530nam a2200181Ia 4500
005 20250326124506.0
008 250326s9999 xx 000 0 und d
037 _aTextbook
040 _aFMSL
_beng
_cFMSL
041 _aeng
_2eng
084 _aX:8 K4;K85;1
_qFMSL
100 _aKoontz H
_9328988
245 0 _aPrinciples of management: analysis of managerial functions
_cKoontz H; Donnell C
260 _aNY
_bNY, McGraw-Hill
_c1968
300 _a822p
942 _cTB
_hX:8 K4;K85;1
999 _c1273927
_d1273927